| 000 | 00663nam a2200229Ia 4500 | ||
|---|---|---|---|
| 003 | OSt | ||
| 005 | 20221006164603.0 | ||
| 006 | a|||||r|||| 00| 0 | ||
| 007 | ta | ||
| 008 | 221006b |||||||| |||| 00| 0 hin d | ||
| 024 | _a3,948 | ||
| 037 | _cTextual | ||
| 040 |
_aFML _cFML _bhin |
||
| 041 |
_2hin _ahin |
||
| 082 | _aNRW23751, N2 - ; 1 | ||
| 100 |
_aKshirsagar D. B. Au. _9677835 |
||
| 245 | 0 | _aJodhpur Riyasat ke Darbari Sangitagyo ka Itihaas | |
| 260 |
_aJodhpur _bMaharaja Mansingh Pustak Prakashan _c1992 |
||
| 300 |
_a355 _ccm. |
||
| 942 |
_hNRW23751, N2 - ; 1 _cTEXL _2CC |
||
| 999 |
_c1117759 _d1117759 |
||